| 000 | 00395nam a22001697a 4500 | ||
|---|---|---|---|
| 005 | 20180323115426.0 | ||
| 008 | 160519b xxu||||| |||| 00| 0 eng d | ||
| 020 | _a978-1403-922328 | ||
| 041 | _aeng | ||
| 082 |
_b3283 _a338.5024658 |
||
| 100 |
_aSumitra Pal _9811 |
||
| 245 | _aManagerial Economics | ||
| 260 |
_bMac Millan _c2009 |
||
| 300 | _a317 | ||
| 650 |
_aManagement _9241 |
||
| 942 | _cBK | ||
| 999 |
_c1116 _d1116 |
||